Pöstyén fürdőpark
Zobrazenie: Hudobný pavilón v kúpeľnom parku
| Format: | Postcard |
|---|---|
| Language: | Hungarian German |
| PhysicalDescription: | 1 pohľadnica kolorovaná 9 x 14 cm |
| Published: |
[Slovensko?]
[vydavateľ neznámy]
[medzi 1905 a 1930]
|
| Subjects: |
MARC
| LEADER | 00000nkm a2200000 a 4500 | ||
|---|---|---|---|
| 001 | vtls011571486 | ||
| 003 | SK-MaSNL | ||
| 005 | 20260512122145.0 | ||
| 007 | kp co | ||
| 008 | 251201q1905 xo g kuhun | ||
| 015 | |a SNBG | ||
| 035 | |a urn:nbn:sk:snk-km00bl4x | ||
| 035 | |a urn:nbn:sk:snk-km3lnp5 | ||
| 035 | |a E8342896-D993-4DC6-A7FA-ABF522422B21 | ||
| 040 | |a SNK |b slo |c SNK |e AACR2 | ||
| 041 | 0 | |a hun |a ger | |
| 043 | |a e-xo--- | ||
| 044 | |a xo |c SK | ||
| 080 | |a 711.435(437.6) |2 2011 | ||
| 080 | |a 712.253 (437.6) |2 2011 | ||
| 080 | |a 913(437.6) |2 2011 | ||
| 080 | |a 725.21 |2 2011 | ||
| 080 | |a (437.6) |2 2011 | ||
| 080 | |a (084.121) |2 2011 | ||
| 245 | 0 | 0 | |a Pöstyén |h grafika |b fürdőpark |
| 246 | 3 | 1 | |a Pöstyén |b Kurpark |
| 260 | |a [Slovensko?] |b [vydavateľ neznámy] |c [medzi 1905 a 1930] | ||
| 300 | |a 1 pohľadnica |b kolorovaná |c 9 x 14 cm | ||
| 520 | 8 | |a Zobrazenie: Hudobný pavilón v kúpeľnom parku | |
| 546 | |a Súbežný názov nemecky | ||
| 610 | 2 | 7 | |a Hudobný pavilón Mušľa (Piešťany, Slovensko) |2 SNKKA |9 179116 |
| 650 | 0 | 7 | |a parky |2 SNKPH |9 2942 |
| 650 | 0 | 7 | |a hudobné pavilóny |2 SNKPH |9 114212 |
| 651 | 7 | |a Kúpeľný park (Piešťany, Slovensko) |2 SNKPH |9 343222 | |
| 651 | 7 | |a Piešťany (Slovensko) |2 SNKPH |9 23981 | |
| 655 | 7 | |a miestne pohľadnice |2 SNKPH |9 70510 | |
| 852 | |a Slovenská národná knižnica | ||
| 958 | |a GC | ||
| 958 | |a GBN | ||
| 958 | |a OND | ||
| 999 | |c 588539 |d 590469 | ||
| 952 | |a SNK |b SNK |y PREZ |7 0 |p 17A1208972 |o snkSP 21773 |0 0 |1 0 |4 0 |d 2016-08-05 |f 1 |l 0 |r 2026-02-23 15:16:21 |w 2026-02-23 | ||


